Cinéma par lettre - A - Statistiques

Statistiques générales
  • Ce quiz a été pris 318 fois
  • Le résultat moyen est 11 sur 20
Statistiques - réponses
Questions Réponses % Correct
Quel jeune homme tombe amoureux de Jasmine, la fille du sultan ? Aladdin
93%
Quel film est devenu le plus gros succès du cinéma mondial après sa sortie en 2009 ? Avatar
91%
Quel acteur et humoriste français a réalisé "Un p'tit truc en plus" ? Artus
87%
Quel acteur et humoriste français a notamment joué dans "Les Profs" et la série "Soda" ? Kev Adams
82%
Quel film de super-héros américain met en scène Nick Fury devant former une équipe pour éviter une catastrophe mondiale ? Avengers
81%
Quelle poupée maléfique d'un film éponyme attaque John et Mia ? Annabelle
79%
Quelle actrice incarne Rachel dans la série "Friends" ? Jenifer Aniston
74%
Quel film avec Bradley Cooper et Lady Gaga retrace l'explosion de cette dernière dans sa carrière de chanteuse ? A Star is born
73%
Quel film de Coppola se déroule pendant la guerre du Vietnam, mettant en scène un agent de l'armée américaine à la recherche du colonel Kurtz ? Apocalypse Now
59%
Quel acteur interprète Mr Bean à l'écran ? Rowan Atkinson
49%
Quel acteur, ayant un frère également acteur, a joué dans "Will Hunting" ou encore "Pearl Harbor" ? Ben Affleck
48%
Quel film, dans lequel a également joué l'acteur ci-dessus, met en scène Bruce Willis, devant stopper la course d'un astéroïde allant s'écraser sur la Terre ? Armageddon
47%
Quel film réalisé par Victor Fleming met en scène Scarlett O'Hara au sein d'une société sudiste pendant la guerre de Sécession ? Autant en emporte le vent
45%
Quelle actrice française a joué dans "La Reine Margot" et dans "Possession" ? Isabelle Adjani
45%
Quel acteur français a joué dans "Manon des Sources" et les "Sous-doués en vacances" ? Daniel Auteuil
42%
Quel film montre un royaume sous-marin gouverné par Orm, ayant le dessein de conquérir toutes les autres civilisations océaniques? Aquaman
35%
Quel acteur et réalisateur américain a réalisé "Manhattan" ou encore "Match Point" ? Woody Allen
35%
Quelle célèbre actrice française a déclaré : "Est-ce que j'ai une gueule d'atmosphère" dans "Hôtel du Nord" ? Arletty
27%
Quelle actrice reste célèbre pour avoir interprété Mary Poppins ? Julie Andrews
24%
Quel film de 1979 met en scène des amis de classe, s'enrôlant dans l'armée allemande pendant la Première Guerre Mondiale ? A l'Ouest rien de nouveau
11%
Aucun quiz correspondant
Distribution des résultats
% des personnes avec chaque résultat
Percentile par nombre de réponses
Votre historique - résultats
Vous n’avez pas pris ce quiz